Historia mexicana : revista trimestral publicada por El Colegio de México : vol. XVII, núm. 1, julio-septiembre 1967 /

Publicación periódica trimestral fundada por Daniel Cosío Villegas en 1951, orientada a presentar los avances más recientes en la investigación de la historia de México y la reflexión historiográfica en el país.

Salvato in:
Dettagli Bibliografici
Altri autori: Vázquez Vera, Josefina Zoraida (dirección) (dirección)
Natura: Libro
Lingua:spagnolo
Soggetti:
Tags: Aggiungi Tag
Nessun Tag, puoi essere il primo ad aggiungerne!!

MARC

LEADER 00000nam^a2200000^a^4500
001 000380846
005 20250526000000.0
009 20260310120624.779
025 |a Donación Jesús Gómez Fregoso, 1 ejemplar 
037 |a Acervo ITESO - Biblioteca 
041 |a ESP 
082 |a 972. 005  |b MEX V. 17 
240 1 1 |a [Historia Mexicana] 
245 0 0 |a Historia mexicana :  |b revista trimestral publicada por El Colegio de México : vol. XVII, núm. 1, julio-septiembre 1967 /  |c Dir. de J.Z. Vázquez Vera. 
264 |a México :  |b El Colegio de México,  |c 1967-1968 
300 |a 647 p., [2] láminas 
336 |a texto  |b txt  |2 rdacontenido 
337 |a sin mediación  |b n  |2 rdamedio 
338 |a volumen  |b nc  |2 rdasoporte 
501 |a Encuadernación particular 
520 |a Publicación periódica trimestral fundada por Daniel Cosío Villegas en 1951, orientada a presentar los avances más recientes en la investigación de la historia de México y la reflexión historiográfica en el país. 
561 |a Ex libris de Jesús Gómez Fregoso 
561 |a Ex libris de Instituto de Literatura Puente Grande, Jal. 
561 |a Ex libris de Bibl. Iunioratus Dom. Prob. S. Ioseph 
562 |a Falta cubierta 
649 |a XX 
650 |a Indígenas -  |z Sonora -  |x Historia -  |y Virreinato, 1535-1821 
650 |a Historiadores Españoles 
650 |a Profesores Españoles 
650 |a Educadores Españoles 
650 |a Franciscanos Españoles 
650 |a Evangelizadores Españoles 
650 |a Ministros Religiosos Españoles 
650 |a Religiosos Españoles 
650 |a Conquistadores Españoles 
650 |a Obispos de Michoacán 
650 |a Obispos de México 
650 |a Diplomáticos Mexicanos 
650 |a Militares Mexicanos 
650 |a Políticos Mexicanos 
650 |a Científicos Españoles 
650 |a Científicos Mexicanos 
650 |a Escritores Españoles 
650 |a Escritores Mexicanos 
650 |a Mujeres Mexicanas 
650 |a Iglesia Católica en México -  |x Historia -  |y Federalismo y Centralismo, 1824-1853 
650 |a Fuerzas Armadas -  |z México -  |x Historia -  |y Siglo XIX 
650 |a Instituciones -  |z México -  |x Historia -  |y Epoca Colonial, 1517-1821 
650 |a Población -  |z México -  |x Historia -  |y Virreinato, 1535-1821 
650 |a Población -  |z América -  |x Historia -  |y Epoca Prehispánica 
650 |a Nahuatlismos 
650 |a Lenguas -  |z México 
650 |a Armamento -  |z México -  |x Historia -  |y Régimen Carrancista, 1917-1920 
650 |a Constitución, 1917 -  |z México -  |x Historia 
650 |a Ciclo Agrícola -  |z México 
650 |a Guerra y Paz -  |z México -  |x Historia -  |y Siglo XIX 
650 |a Calendario Azteca -  |x Historia 
650 |a Códices Prehispánicos -  |z México -  |x Historia y Crítica 
650 |a Diarios Literarios Mexicanos 
650 |a Cartas Mexicanas -  |x Historia y Crítica 
650 |a Literatura Mexicana -  |x Historia y Crítica 
650 |a Literatura Mexicana -  |y Siglo XVI 
650 |a Literatura Mexicana -  |y Epoca Colonial, 1517-1821 
650 |a Literatura Mexicana -  |y Siglo XX 
650 |a Trabajo -  |z México -  |x Historia -  |y Revolución, 1910-1917 
650 |a Sistema Monetario -  |z México -  |x Historia -  |y Virreinato, 1535-1821 
650 |a Organización Social -  |z México -  |x Historia 
650 |a Comercio -  |z México -  |x Historia -  |y Virreinato, 1535-1821 
650 |a Nacionalismo -  |z México -  |x Historia -  |y 1867-1872 
650 |a Modernidad y Posmodernidad -  |z México 
650 |a Derecho Monetario -  |z México -  |x Historia -  |y Epoca Colonial, 1517-1821 
650 |a Administración Educativa -  |z México -  |x Historia -  |y Epoca Colonial, 1517-1821 
650 |a Educación Pública -  |z México -  |x Historia -  |y Epoca Colonial, 1517-1821 
650 |a Educación Pública -  |z México -  |x Historia -  |y República Liberal, 1867-1911 
650 |a Relaciones Internacionales -  |z México-Alemania -  |x Historia 
650 |a Política Exterior -  |z Alemania -  |x Historia 
650 |a Política Exterior -  |z México -  |x Historia -  |y Siglo XIX 
650 |a Política Comercial -  |z México -  |x Historia -  |y Virreinato, 1535-1821 
650 |a Política Comercial -  |z España -  |x Historia  |y Casa de Austria, 1516-1700 
650 |a Política Fiscal -  |z México -  |x Historia -  |y Siglo XVIII 
650 |a Política -  |z México -  |x Historia -  |y Siglo XIX 
650 |a Política -  |z México -  |x Historia 
650 |a Economía -  |z México -  |x Historia 
650 |a Antropología -  |z México 
650 |a Geografía -  |z México 
650 |a Historiografía -  |z México 
650 |a Baja California -  |x Historia -  |y Virreinato, 1535-1821 
650 |a Sonora -  |x Historia -  |y Virreinato, 1535-1821 
650 |a Querétaro -  |x Historia -  |y Siglo XIX 
650 |a Yucatán -  |x Historia -  |y Federalismo y Centralismo, 1824-1853 
650 |a México -  |x Historia -  |y Epoca Prehispánica 
650 |a México -  |x Historia -  |y Descubrimiento y Conquista, 1517-1521 
650 |a México -  |x Historia -  |y Epoca Colonial, 1517-1821 
650 |a México -  |x Historia -  |y Virreinato, 1535-1821 
650 |a México -  |x Historia -  |y Guerra de Independencia, 1810-1821 
650 |a México -  |x Historia -  |y Regencia e Imperio, 1821-1823 
650 |a México -  |x Historia -  |y Federalismo, 1846-1853 
650 |a México -  |x Historia -  |y Invasión Norteamericana, 1846-1848 
650 |a México -  |x Historia -  |y Constitución y Reforma, 1855-1863 
650 |a México -  |x Historia -  |y Intervención y Segundo Imperio, 1861-1867 
650 |a México -  |x Historia -  |y República Liberal, 1867-1911 
650 |a México -  |x Historia -  |y 1867-1872 
650 |a México -  |x Historia -  |y 1872-1876 
650 |a México -  |x Historia -  |y Siglo XX 
650 |a México -  |x Historia -  |y Revolución Carrancista y Constitucionalista, 1913-1917 
650 |a México -  |x Historia -  |y Régimen Carrancista, 1917-1920 
650 |a México -  |x Condiciones Económicas 
650 |a México -  |x Condiciones Sociales y Culturales 
650 |a México -  |x Historia -  |x Documentos 
650 |a México -  |x Historia -  |x Bibliografías 
650 |a México -  |x Historia -  |x Tema Principal 
650 |a México -  |x Historia -  |x Publicaciones Periódicas Mexicanas -  |x Tema Principal 
650 |a Publicaciones Periódicas Mexicanas 
650 |a Habsburgo, Maximiliano de,  |c Emperador de México 
650 |a Polk, James K 
650 |a Lerdo de Tejada, Sebastián 
650 |a Dano, Alfonso 
650 |a Forest, Antonio 
650 |a Carranza, Venustiano 
650 |a Hernandez de Toledo, Francisco 
650 |a Hidalgo y Costilla, Miguel 
650 |a Treviño, Gerónimo 
650 |a Comonfort, Ignacio 
650 |a Obregón, Alvaro 
650 |a Salado Alvarez, Victoriano 
650 |a Gaona, Juan de, Fray 
650 |a Miranda, José 
600 |a Otero, Mariano 
600 |a Quiroga, Vasco de 
740 0 |a Historia mexicana :  |b revista trimestral publicada por El Colegio de México : vol. XVII, núm. 2, octubre-diciembre 1967 /  |c Dir. de J.Z. Vázquez Vera. 
740 0 |a Historia mexicana :  |b revista trimestral publicada por El Colegio de México : vol. XVII, núm. 3, enero-marzo 1968 /  |c Dir. de J.Z. Vázquez Vera. 
740 0 |a Historia mexicana :  |b revista trimestral publicada por El Colegio de México : vol. XVII, núm. 4, abril-junio 1968 /  |c Dir. de J.Z. Vázquez Vera. 
700 |a Vázquez Vera, Josefina Zoraida  |e (dirección) 
910 |a Fondo Jesús Gómez Fregoso S.J. ITE 
920 |a Impresos - Libros 
930 |a Libros Antiguos y Raros 
905 |a 138 
901 |a 0900059643  |b IT2  |c LRA  |i D  |u 20250526 
902 |a https://opac.biblio.iteso.mx/vufind/Record/000380846